Những vì sao

Tallennettuna:
Bibliografiset tiedot
Aineistotyyppi: Kirja
Kieli:Vietnamese
Julkaistu: Văn hóa 1994
Aiheet:
Tagit: Lisää tagi
Ei tageja, Lisää ensimmäinen tagi!
Thư viện lưu trữ: Mạng thư viện Đại học Đà Nẵng
LEADER 00952nam a2200301 a 4500
001 000003643
003 00275
005 20171229145311.0
008 171229s1994 vie
040 |a LSK 
041 0 |a VIE 
082 0 |a 843  |b DA-A 
245 0 0 |a Những vì sao  |c Alphonse Daudet; Trần Việt và Anh Vũ dịch 
260 |b Văn hóa  |c 1994 
300 |a 454 pages  |c 19 cm. 
653 |a Văn học - Pháp - Truyện ngắn 
852 |a Phòng Đọc 
901 |a 2 
927 |a Sách tham khảo 
OWN |a LSK 
AVA |a UDN50  |b LSK  |d 843 DA-A  |e available  |t Error 5001 Not defined in file expand_doc_bib_avail.  |f 2  |g 0  |h N  |i 0  |k 1 
999 |a From the UDN01 
AVA |a UDN50  |b LSK  |d 843 DA-A  |e available  |t Error 5001 Not defined in file expand_doc_bib_avail.  |f 2  |g 0  |h N  |i 0  |k 1 
TYP |a Monograph 
TYP |a Printed language 
980 |a Mạng thư viện Đại học Đà Nẵng